Sociolinguistic causes of language change

Guardado en:
Detalles Bibliográficos
Autor principal: Bláhová, Mária
Formato: Capítulo de libro
Lenguaje:inglés
Materias:
Etiquetas: Agregar Etiqueta
Sin Etiquetas, Sea el primero en etiquetar este registro!

MARC

LEADER 00000naa$a2200000$$$4500
001 0237639
005 20240502073836.0
041 0 |a eng 
044 |a SK 
245 1 0 |a Sociolinguistic causes of language change  |c Mária Bláhová 
610 2 0 |a jazykoveda 
610 2 0 |a jazyky cudzie 
610 2 0 |a angličtina 
610 2 0 |a spoločnosť 
610 2 0 |a vývoj 
610 2 0 |a komunikácia 
100 1 |a Bláhová, Mária